| 000 | 01575nam a22002651a 4500 | ||
|---|---|---|---|
| 999 |
_c17880 _d17880 |
||
| 001 | 17880 | ||
| 003 | OSt | ||
| 005 | 20260204212339.0 | ||
| 008 | 170103s2016||||dr ||||||b||||||||||spa|| | ||
| 090 | _aM-BA 2016 G17 | ||
| 100 | 1 |
_aGarcía Mercado, Eulogia Antonia _esustentante |
|
| 245 | 1 | _aAplicación de neurociencia en el proceso de enseñanza aprendizaje en el centro de Educación Básica Juan Sánchez Ramírez Distrito 16-01 de cotuí, año escolar 2015-2016 / Eulogia Antonia García Mercado, María Altagracia Martínez Flores, Leonardo Vásquez Otáñez ; asesor Fior D´Aliza Báez | |
| 260 |
_aCotuí, República Dominicana : _bUTECO, _c2016 |
||
| 300 |
_a73 hojas : _c28cm. |
||
| 502 | _aMonográfico de Educación (Educación Básica)--Universidad Tecnológica del Cibao Oriental, 2016 | ||
| 504 | _aIncluye referencia bibliográfica e índice | ||
| 505 | _aÍndice -- declaración de autoría -- agradecimientos -- dedicatorias--resumen -- Capítulo I: Introducción -- Capítulo II: Revisión de literatura -- Capítulo III: Metodología -- Capítulo IV: Presentación de los resultados -- Capítulo V: Discusión y análisis de los resultados | ||
| 650 | 4 | _aAplicación de neurociencia en el proceso | |
| 700 | 1 |
_a Eulogia Antonia García Mercado, _esustentante |
|
| 700 | 1 |
_aMaría Altagracia Martínez Flores, _esustentante |
|
| 700 | 1 |
_a Vásquez Otáñez, Leonardo _esustentante |
|
| 700 | 1 |
_a D´Aliza Báez, Fior _easesor |
|
| 830 | _aTesis y disertaciones académicas (Universidad Tecnológica del Cibao Oriental) | ||
| 942 |
_2LC _cTH |
||